000 00220 a2200097 4500
001 30958
100 _aDickens C
245 _aGreat Expectations
260 _aOxford
_bOxford University Press
_c
090 _c20851
_d20851
942 _aNUST-CAE
_cM
_c12060
999 _c266031
_d266031